<?xml version="1.0" encoding="UTF-8"?>
<record
    xmlns:xsi="http://www.w3.org/2001/XMLSchema-instance"
    xsi:schemaLocation="http://www.loc.gov/MARC21/slim http://www.loc.gov/standards/marcxml/schema/MARC21slim.xsd"
    xmlns="http://www.loc.gov/MARC21/slim">

  <leader>01241cam a2200193 i 4500</leader>
  <datafield tag="020" ind1=" " ind2=" ">
    <subfield code="a">9780872074781 (pbk.)</subfield>
  </datafield>
  <datafield tag="020" ind1=" " ind2=" ">
    <subfield code="a">0872074781 (pbk.)</subfield>
  </datafield>
  <datafield tag="040" ind1=" " ind2=" ">
    <subfield code="c">DLC</subfield>
  </datafield>
  <datafield tag="082" ind1="0" ind2="4">
    <subfield code="a">372 IRA 2012 A113 Or.</subfield>
  </datafield>
  <datafield tag="100" ind1="1" ind2=" ">
    <subfield code="a">Fisher, Douglas,</subfield>
  </datafield>
  <datafield tag="245" ind1="1" ind2="0">
    <subfield code="a">Text complexity :</subfield>
    <subfield code="b">raising rigor in reading /</subfield>
  </datafield>
  <datafield tag="300" ind1=" " ind2=" ">
    <subfield code="a">xi, 140 pages :</subfield>
    <subfield code="b">illustrations ;</subfield>
    <subfield code="c">24 cm</subfield>
  </datafield>
  <datafield tag="520" ind1=" " ind2=" ">
    <subfield code="a">The Common Core State Standards place an emphasis on teaching students to read and understand increasingly complex texts. That teaching requires more than just assigning students hard books and hoping they get better at reading. Teaching starts with a deep understanding about what makes text complex. In this book, you'll learn about the quantitative factors of text complexity as well as the ways in which readers can be matched with texts and tasks. The book focuses on instruction and assessment of complex texts through close readings and extensive discussions. With this understanding, lessons can be developed that ensure students are prepared for the wide range of reading and writing they will do for the rest of their lives.</subfield>
  </datafield>
  <datafield tag="650" ind1=" " ind2="0">
    <subfield code="a">Reading comprehension.</subfield>
  </datafield>
  <datafield tag="650" ind1=" " ind2="7">
    <subfield code="a">Reading comprehension.</subfield>
  </datafield>
  <datafield tag="700" ind1="1" ind2=" ">
    <subfield code="a">Frey, Nancy,</subfield>
  </datafield>
  <datafield tag="700" ind1="1" ind2=" ">
    <subfield code="a">Lapp, Diane,</subfield>
  </datafield>
  <datafield tag="942" ind1=" " ind2=" ">
    <subfield code="c">EK</subfield>
  </datafield>
  <datafield tag="999" ind1=" " ind2=" ">
    <subfield code="c">17400</subfield>
    <subfield code="d">17400</subfield>
  </datafield>
  <datafield tag="952" ind1=" " ind2=" ">
    <subfield code="0">0</subfield>
    <subfield code="1">0</subfield>
    <subfield code="4">0</subfield>
    <subfield code="6">372_000000000000000_IRA_2012_A113_OR</subfield>
    <subfield code="7">0</subfield>
    <subfield code="9">75540</subfield>
    <subfield code="a">LBA</subfield>
    <subfield code="b">LBA</subfield>
    <subfield code="c">A113</subfield>
    <subfield code="d">2018-11-20</subfield>
    <subfield code="o">372 IRA 2012 A113 Or.</subfield>
    <subfield code="p">A36957</subfield>
    <subfield code="r">2018-11-20</subfield>
    <subfield code="w">2018-11-20</subfield>
    <subfield code="y">EK</subfield>
  </datafield>
  <datafield tag="952" ind1=" " ind2=" ">
    <subfield code="0">0</subfield>
    <subfield code="1">0</subfield>
    <subfield code="4">0</subfield>
    <subfield code="6">372_000000000000000_IRA_2012_A113_OR</subfield>
    <subfield code="7">0</subfield>
    <subfield code="9">75723</subfield>
    <subfield code="a">LBA</subfield>
    <subfield code="b">LBA</subfield>
    <subfield code="d">2018-11-27</subfield>
    <subfield code="o">372 IRA 2012 A113 Or.</subfield>
    <subfield code="r">2018-11-27</subfield>
    <subfield code="w">2018-11-27</subfield>
    <subfield code="y">EK</subfield>
  </datafield>
  <datafield tag="952" ind1=" " ind2=" ">
    <subfield code="0">0</subfield>
    <subfield code="1">0</subfield>
    <subfield code="4">0</subfield>
    <subfield code="6">372_000000000000000_IRA_2012_A114_OR</subfield>
    <subfield code="7">0</subfield>
    <subfield code="9">75724</subfield>
    <subfield code="a">LBA</subfield>
    <subfield code="b">LBA</subfield>
    <subfield code="c">A114</subfield>
    <subfield code="d">2018-11-27</subfield>
    <subfield code="o">372 IRA 2012 A114 Or.</subfield>
    <subfield code="p">A36052</subfield>
    <subfield code="r">2018-11-27</subfield>
    <subfield code="w">2018-11-27</subfield>
    <subfield code="y">EK</subfield>
  </datafield>
</record>
